00864nam a2200253Ia 4500003000900000008004100009020001800050040001600068080001500084100002700099245011200126250001200238260003800250300001700288650001800305650002500323650002300348650003200371650002800403700002500431942000700456999001700463952013000480IN-BaIIA211028s9999 xx 000 0 eng d a9971-51-401-X cIIA Library a621.9bJUV aJuninall, R. C.927628 0aFundamentals of machine component designcR. C. Juninall and K. M. Marshek  a3rd ed. aNew YorkbJohn Wiley & Sonsc2002 axxiii, 888p. aDesign919071 aLoad Analysis927629 aLubrication911818 aMechanical Engineering9667 aSliding Bearings927630 aMarshek, K.M.927631 cBK c15125d15125 00104070aBANbHOScGENd2003-06-19eINT g610.70l0o621.9/ JUVp16047r2021-11-05v610.70w2003-06-19yBKGRs. 610.70